Módulos agrícolas: no es tan fácil volver a la tierra

Guardado en:
書目詳細資料
格式: Texto
主題:
標簽: 添加標簽
沒有標簽, 成為第一個標記此記錄!

MARC

LEADER 00000 a a2200000 04500
001 1532
003
040
245 |a Módulos agrícolas:   |b no es tan fácil volver a la tierra  
650 |a SECTOR AGROPECUARIO  
650 |a POBLACION RURAL  
650 |a COSTA RICA  
773 |g número 11; páginas 17-20  
999 |c 27682  |d 27682